01008cam a22002894a 4500001000700000003000500007005001700012008004100029010001700070020002800087040001900115042000800134050002200142082001400164245012600178260004200304300003300346504005100379650002000430650001900450650005000469650002900519700002300548700002100571700003700592856008900629741814ASAB20170425114121.0990524s2000 nyua b 001 0 eng  a 99031648  a0748407294 (alk. paper) aDLCcASABdDLC apcc00aTD192b.E584 200000a628.522100aEnvironmental biotechnology and cleaner bioprocesses /cedited by Eugenia J. Olguin, Gloria Sanchez, Elizabeth Hernandez. aNew York :bTaylor & Francis,cc2000. axx, 319 p. :bill. ;c26 cm. aIncludes bibliographical references and index. 0aBioremediation. 0aBiotechnology. 0aProduction managementxEnvironmental aspects. 0aSustainable development.1 aOlguín, Eugenia.1 aSanchez, Gloria.1 aHernández Alvidrez, Elizabeth.423Publisher descriptionuhttp://www.loc.gov/catdir/enhancements/fy0745/99031648-d.html